000
00330nam a22001457a 4500
003
OSt
005
20220221132809.0
008
220221b |||||||| |||| 00| 0 eng d
020
_a
8120327705
040
_c
HU
082
_2
2nd
_a
668.9
100
_a
Fried
_9
31011
245
_a
Polymer Science & Technology
942
_2
ddc
_c
BOOKS
_n
0
999
_c
31016
_d
31016